000
00205nam a2200085 4500
001
1255171
005
20251205125235.0
245
_a
KÜL KEDİSİ SİNDİRELLA
_c
ŞEBNEM GÜVENÇER
260
_b
TİMAŞ YAYINLARI
999
_c
1255171
_d
1255171